| 000 | 00992nam a22003257a 4500 | ||
|---|---|---|---|
| 003 | CHAP | ||
| 005 | 20220329134953.0 | ||
| 008 | 971013s1962 r 00010 d | ||
| 010 | _a28866 | ||
| 011 | _a29838 | ||
| 035 | _a33949 | ||
| 040 | _cCHAP | ||
| 082 |
_a630.72 _bL42 |
||
| 100 | 0 | 0 |
_aLeClerg, Erwin L. _965493 |
| 245 | _aField plot technique | ||
| 250 | _a2 ed. | ||
| 260 |
_aMinneapolis : _bBurgess, _c1962 |
||
| 300 | _a373 p. | ||
| 590 |
_aBATCH-UPD _b10 _c20130110 _lUCH01 _h2018 |
||
| 590 |
_aBATCH-UPD _b10 _c20130410 _lUCH01 _h1336 |
||
| 590 |
_aCONVERSION _b10 _c20130109 _lUCH01 _h1317 |
||
| 650 | 1 | 4 |
_aAgricultura _xEstadisticas. _91417 |
| 650 | 1 | 4 |
_aExperiemtos de campo. _939054 |
| 700 | 0 |
_aClark, Andrew g. _923602 |
|
| 700 | 0 |
_aLeonard, Warren H. _966063 |
|
| 901 | _aBK | ||
| 942 | _cLIBRO | ||
| 949 |
_a630.72 L42 _bBC _cLIBRO _d33724000042651 _eLIBRO _h20147 _i33949 _si _t110.00 |
||
| 949 |
_a630.72 L42 _bBC _cLIBRO _d33724000666970 _eLIBRO _fc.2 _h37782 _i33949 _si _t110.00 |
||
| 999 |
_c28866 _d28866 |
||